000 00633nam a22002177a 4500
005 20090819125132.0
008 090819t xxu||||| |||| 00| 0 eng d
010 _aB-328878
020 _c225.00
035 _aB-328878
037 _aUBH
_bUBH
040 _bEnglish
100 _aCorbett,Jim
245 _aMan-eaters of Kumaon /
_cby Jim Corbett
260 _aNew Delhi
_bOxford University Press
_c2009
270 _bNew Delhi
300 _a226p.
_c21cm.
942 _2ddc
_cEN
999 _c29285
_d29285